[Event "22nd EUR-ch (w)"]
[Site "Prague CZE"]
[Date "2022.08.20"]
[Round "1.2"]
[White "Paramzina, Anastasya"]
[Black "Javakhishvili, Lela"]
[Result "1/2-1/2"]
[WhiteElo "2216"]
[BlackElo "2476"]
[EventDate "2022.08.20"]
[PlyCount "135"]

1.e4 c5 2.Nf3 e6 3.d4 cxd4 4.Nxd4 a6 5.Bd3 Bc5 6.Nb3 Ba7 7.O-O Nc6 8.Qe2 
Nge7 9.Be3 O-O 10.Bxa7 Rxa7 11.N1d2 d6 12.Rad1 e5 13.Nc4 b5 14.Ne3 Be6 15.
c3 Qb8 16.Nc1 Rd7 17.Bc2 Na5 18.Nd5 Bxd5 19.exd5 f5 20.b3 Rc7 21.Qe3 Rc5 
22.Qh3 Qc8 23.Ne2 Nxd5 24.b4 Nxc3 25.bxc5 Nxe2+ 26.Kh1 Nd4 27.Bb3+ Naxb3 
28.axb3 dxc5 29.f4 e4 30.b4 Re8 31.Qe3 Ne6 32.Rd5 cxb4 33.Rxf5 Qc4 34.Rc1 
Qd4 35.Qb3 g6 36.Re5 Qd2 37.Rb1 Kf7 38.f5 gxf5 39.Rxf5+ Ke7 40.h3 Rg8 41.
Rg1 Rg6 42.Rd5 Qc3 43.Qd1 Qc7 44.Qh5 Kf8 45.Qf5+ Kg8 46.Qxe4 b3 47.Rd2 Qf4
48.Qd5 Kg7 49.Rgd1 Ng5 50.Rd4 Qf7 51.Qe5+ Qf6 52.Qe2 Ne6 53.Rd7+ Kh6 54.
R7d5 Nf4 55.Qe3 b2 56.R5d4 Qg5 57.Qxf4 Qxf4 58.Rxf4 Rc6 59.Rg1 Rc2 60.Kh2 
a5 61.Rgf1 Rc1 62.Rh4+ Kg5 63.Rg4+ Kh6 64.Rf6+ Kh5 65.Rf5+ Kh6 66.Rf6+ Kh5
67.Rf5+ Kh6 68.Rf6+ 1/2-1/2

[Event "22nd EUR-ch (w)"]
[Site "Prague CZE"]
[Date "2022.08.20"]
[Round "1.3"]
[White "Stefanova, Antoaneta"]
[Black "Richterova, Natasa"]
[Result "1-0"]
[WhiteElo "2472"]
[BlackElo "2215"]
[EventDate "2022.08.20"]
[PlyCount "103"]

1.d4 d5 2.c4 c6 3.Nf3 Nf6 4.Qb3 dxc4 5.Qxc4 Qd5 6.Qa4 Bf5 7.Nc3 Qd8 8.Nh4 
Bd7 9.Qc2 Qb6 10.Nf3 Bg4 11.Qd3 Na6 12.a3 Rd8 13.Ne5 Rxd4 14.Qc2 Rd8 15.e4
Qa5 16.Bf4 Be6 17.Be2 Nd7 18.Nc4 Bxc4 19.Bxc4 e6 20.O-O b5 21.b4 Qb6 22.
Be2 Be7 23.e5 Nc7 24.Be3 Qb7 25.f4 Nd5 26.Nxd5 cxd5 27.Rfc1 O-O 28.Qc7 
Qxc7 29.Rxc7 a6 30.Ra7 Rfe8 31.Rxa6 Nb8 32.Rb6 d4 33.Bd2 d3 34.Bd1 g5 35.
g3 gxf4 36.gxf4 Kh8 37.Rc1 f6 38.Rxb5 fxe5 39.Rxe5 Bf6 40.Re4 Nd7 41.Rc6 
Rg8+ 42.Kf1 Nf8 43.b5 Rd4 44.Rc4 Rd7 45.Rc8 h6 46.b6 Rb7 47.Be3 Be7 48.a4 
Nd7 49.Rxg8+ Kxg8 50.Rxe6 Kf7 51.Bb3 Bc5 52.Rc6+ 1-0

[Event "22nd EUR-ch (w)"]
[Site "Prague CZE"]
[Date "2022.08.20"]
[Round "1.4"]
[White "Sedina, Elena"]
[Black "Batsiashvili, Nino"]
[Result "0-1"]
[WhiteElo "2213"]
[BlackElo "2466"]
[EventDate "2022.08.20"]
[PlyCount "66"]

1.e4 e5 2.Nf3 Nc6 3.Nc3 Nf6 4.g3 Bc5 5.Bg2 d6 6.d3 h6 7.Na4 Be6 8.O-O Qd7 
9.c3 Bg4 10.b4 Bb6 11.Nxb6 axb6 12.b5 Ne7 13.a4 O-O 14.Re1 Ng6 15.Qc2 Rae8
16.d4 exd4 17.Nxd4 c5 18.bxc6 bxc6 19.f3 Bh3 20.Bxh3 Qxh3 21.Nxc6 Rc8 22.
Nd4 Rfe8 23.Qg2 Qd7 24.Nb5 d5 25.Ba3 dxe4 26.fxe4 Rc6 27.Rad1 Qg4 28.h3 
Qg5 29.Bc1 Qe5 30.Bf4 Nxf4 31.gxf4 Qxf4 32.e5 Rc5 33.Rd4 Qg5 0-1

[Event "22nd EUR-ch (w)"]
[Site "Prague CZE"]
[Date "2022.08.20"]
[Round "1.5"]
[White "Mammadzada, Gunay"]
[Black "Richtrova, Eliska"]
[Result "1-0"]
[WhiteElo "2466"]
[BlackElo "2204"]
[EventDate "2022.08.20"]
[PlyCount "65"]

1.e4 e6 2.d4 d5 3.Nd2 Nc6 4.Ngf3 Nge7 5.e5 Nf5 6.c3 h5 7.Bd3 Be7 8.Nf1 a5 
9.Ne3 Nb8 10.h3 b6 11.O-O h4 12.Re1 g6 13.Ng4 Rh5 14.Bf4 Ba6 15.Bc2 Nd7 
16.Ne3 Ng7 17.a3 c5 18.c4 Bxc4 19.Nxc4 dxc4 20.d5 b5 21.d6 Bf8 22.a4 Qb6 
23.axb5 Nf5 24.Qe2 Nd4 25.Nxd4 cxd4 26.Qxc4 Bg7 27.Be4 Bxe5 28.Bxa8 Bxf4 
29.Bc6 Kd8 30.Rxe6 Rc5 31.Rae1 Be3 32.Qxd4 Bxf2+ 33.Kh1 1-0

[Event "22nd EUR-ch (w)"]
[Site "Prague CZE"]
[Date "2022.08.20"]
[Round "1.6"]
[White "Terbe, Zsuzsanna"]
[Black "Danielian, Elina"]
[Result "0-1"]
[WhiteElo "2196"]
[BlackElo "2441"]
[EventDate "2022.08.20"]
[PlyCount "40"]

1.d4 Nf6 2.c4 e6 3.Nc3 Bb4 4.Qb3 c5 5.dxc5 Nc6 6.Nf3 Ne4 7.Bd2 Nxd2 8.Nxd2
Bxc5 9.Nde4 Be7 10.c5 O-O 11.Rd1 b6 12.cxb6 Rb8 13.Na4 axb6 14.Nd6 b5 15.
Nxb5 Na7 16.e3 Ba6 17.Nxa7 Rxb3 18.Nc6 Bb4+ 19.Nc3 Rxc3 20.Nxb4 Rxe3+ 0-1

[Event "22nd EUR-ch (w)"]
[Site "Prague CZE"]
[Date "2022.08.20"]
[Round "1.7"]
[White "Socko, Monika"]
[Black "Kucharska, Honorata"]
[Result "1-0"]
[WhiteElo "2423"]
[BlackElo "2193"]
[EventDate "2022.08.20"]
[PlyCount "103"]

1.e4 e6 2.d4 d5 3.e5 c5 4.c3 Nc6 5.Nf3 Bd7 6.Be2 cxd4 7.cxd4 Rc8 8.O-O 
Nge7 9.Nc3 a6 10.Bd3 Ng6 11.Be3 Be7 12.Rc1 b5 13.g3 Na5 14.h4 Nc4 15.Qe2 
Nf8 16.Bg5 Bxg5 17.Nxg5 h6 18.Nf3 Ng6 19.b3 Nb6 20.Bxg6 fxg6 21.Qd3 O-O 
22.Ne2 Be8 23.Nf4 Qe7 24.Rxc8 Nxc8 25.Rc1 Na7 26.Kg2 Qf7 27.Rc5 Nc6 28.a4 
bxa4 29.bxa4 Qe7 30.Rxc6 Rxf4 31.gxf4 Bxc6 32.Qxa6 Be8 33.a5 Qf7 34.Kg3 
Qf5 35.Qc8 Kf8 36.Qc5+ Kg8 37.Qc8 Kf8 38.Ne1 g5 39.hxg5 hxg5 40.Qc1 g4 41.
Qd1 Qe4 42.Ng2 Bb5 43.Ne3 Kf7 44.Kxg4 Ba6 45.Kg3 Bb5 46.Qh5+ Ke7 47.Qg5+ 
Kf7 48.f5 Qxd4 49.Qg6+ Kf8 50.Qxe6 Qa1 51.Qc8+ Be8 52.Qc5+ 1-0

[Event "22nd EUR-ch (w)"]
[Site "Prague CZE"]
[Date "2022.08.20"]
[Round "1.8"]
[White "Lehaci, Miruna-Daria"]
[Black "Ushenina, Anna"]
[Result "1/2-1/2"]
[WhiteElo "2186"]
[BlackElo "2423"]
[EventDate "2022.08.20"]
[PlyCount "127"]

1.e4 c6 2.Nf3 d5 3.Nc3 Bg4 4.h3 Bxf3 5.Qxf3 e6 6.Be2 Nf6 7.O-O Nbd7 8.d4 
Bb4 9.e5 Ng8 10.a3 Be7 11.Qg3 g6 12.Nd1 h5 13.b3 Qb6 14.Bb2 Nh6 15.Ne3 h4 
16.Qf3 Nf5 17.Rfd1 Kf8 18.Rab1 Kg7 19.c4 Rad8 20.Rd3 Nf8 21.c5 Qc7 22.b4 
Nd7 23.Bc1 b6 24.Nxf5+ exf5 25.Bf4 Qb7 26.cxb6 Qxb6 27.Qe3 Nf8 28.Qd2 Ne6 
29.Be3 a5 30.f3 axb4 31.axb4 Ra8 32.Rdb3 Rhb8 33.b5 Ra3 34.Rxa3 Bxa3 35.
Ra1 Be7 36.Ra6 Qb7 37.Rxc6 Nc7 38.Rc1 Qa7 39.Rb1 Ne6 40.Qb2 Bd8 41.Ra1 Qb7
42.f4 Bb6 43.Kh2 Ra8 44.Bf3 Rxa1 45.Qxa1 Nc7 46.Qa4 Qa7 47.Qb3 Qb7 48.Qb4 
Ba7 49.Qe7 Qb8 50.Qd7 Nxb5 51.Bxd5 Nxd4 52.Qxf7+ Kh6 53.Qe7 Nf3+ 54.Bxf3 
Bxe3 55.Qxh4+ Kg7 56.Qf6+ Kh7 57.Qe7+ Kh8 58.Qf6+ Kh7 59.Qh4+ Kg7 60.Bd5 
Qb4 61.Qf6+ Kh7 62.Qh4+ Kg7 63.Qf6+ Kh7 64.Qh4+ 1/2-1/2

[Event "22nd EUR-ch (w)"]
[Site "Prague CZE"]
[Date "2022.08.20"]
[Round "1.9"]
[White "Fataliyeva, Ulviyya"]
[Black "Polterauer, Chiara"]
[Result "1-0"]
[WhiteElo "2413"]
[BlackElo "2183"]
[EventDate "2022.08.20"]
[PlyCount "69"]

1.Nf3 Nf6 2.c4 c5 3.Nc3 d5 4.cxd5 Nxd5 5.g3 Nc6 6.Bg2 Nc7 7.O-O e5 8.b3 
Be7 9.Bb2 O-O 10.Rc1 Ne6 11.Ne1 f6 12.e3 Bd7 13.f4 exf4 14.gxf4 Qe8 15.Nd5
Bd6 16.Ba3 b6 17.d4 f5 18.Nd3 Rd8 19.dxc5 bxc5 20.Nxc5 Nxc5 21.Bxc5 Bxc5 
22.Rxc5 Nb4 23.Qd4 Nxd5 24.Rxd5 Be6 25.Rxd8 Qxd8 26.Rd1 Qe7 27.Qe5 Re8 28.
Bc6 Bxb3 29.Qxe7 Rxe7 30.axb3 Rxe3 31.Rd7 Kf8 32.Bd5 Re7 33.Rd8+ Re8 34.
Rxe8+ Kxe8 35.Bg8 1-0

[Event "22nd EUR-ch (w)"]
[Site "Prague CZE"]
[Date "2022.08.20"]
[Round "1.10"]
[White "Martynkova, Olena"]
[Black "Zawadzka, Jolanta"]
[Result "0-1"]
[WhiteElo "2182"]
[BlackElo "2412"]
[EventDate "2022.08.20"]
[PlyCount "74"]

1.d4 d5 2.c4 e6 3.Nf3 Nf6 4.g3 dxc4 5.Bg2 a6 6.O-O Nc6 7.e3 Rb8 8.Nfd2 e5 
9.Bxc6+ bxc6 10.dxe5 Ng4 11.Nxc4 Be6 12.Nbd2 Bb4 13.b3 h5 14.h4 g5 15.Nf3 
Qxd1 16.Rxd1 Bxc4 17.bxc4 Bc3 18.Ba3 Bxa1 19.Rxa1 gxh4 20.gxh4 Rh6 21.c5 
Re6 22.Kf1 Nxe5 23.Nd4 Rg6 24.Rc1 Kd7 25.Nf5 Rbg8 26.Ng3 Rxg3 27.fxg3 Rxg3
28.Kf2 Rh3 29.Rd1+ Ke6 30.Rd4 Ng4+ 31.Kg2 Rh2+ 32.Kf3 Rxa2 33.Ra4 f5 34.
Kf4 Ne5 35.Kg5 Rg2+ 36.Kxh5 Kf6 37.Rxa6 Rg8 0-1

[Event "22nd EUR-ch (w)"]
[Site "Prague CZE"]
[Date "2022.08.20"]
[Round "1.11"]
[White "Narva, Mai"]
[Black "Kanakova, Natalie"]
[Result "1-0"]
[WhiteElo "2405"]
[BlackElo "2171"]
[EventDate "2022.08.20"]
[PlyCount "99"]

1.e4 c5 2.Nf3 Nc6 3.d4 cxd4 4.Nxd4 e5 5.Nb5 d6 6.N1c3 a6 7.Na3 Be7 8.Nd5 
Nf6 9.Nxf6+ Bxf6 10.Nc4 Be7 11.Be3 Be6 12.Nb6 Rb8 13.Be2 O-O 14.Qd2 Nd4 
15.c3 Nxe2 16.Qxe2 f5 17.exf5 Bxf5 18.Rd1 Bg5 19.O-O Bxe3 20.Qxe3 Qf6 21.
Rd2 Qg6 22.Rfd1 Rbd8 23.Nc4 Bc2 24.Rxd6 Bxd1 25.Rxg6 hxg6 26.Nxe5 Rfe8 27.
Qf4 Bb3 28.h4 Rd1+ 29.Kh2 Re1 30.Nxg6 Bf7 31.h5 R1e6 32.Qg5 b5 33.Nh4 Rh6 
34.g4 Be6 35.Ng6 Bf7 36.Ne7+ Kf8 37.Nf5 Rh7 38.Nd6 Re2 39.Kg3 Rh6 40.Nf5 
Rh7 41.Qd8+ Be8 42.Qd6+ Kf7 43.Qxa6 Re6 44.Qb7+ Kf8 45.c4 bxc4 46.a4 Kg8 
47.Qc8 Re5 48.a5 g6 49.hxg6 Rd7 50.Qxc4+ 1-0

[Event "22nd EUR-ch (w)"]
[Site "Prague CZE"]
[Date "2022.08.20"]
[Round "1.12"]
[White "Ciolacu, Alessia-Mihaela"]
[Black "Salimova, Nurgyul"]
[Result "1/2-1/2"]
[WhiteElo "2169"]
[BlackElo "2404"]
[EventDate "2022.08.20"]
[PlyCount "77"]

1.Nf3 d5 2.e3 Nf6 3.c4 c6 4.b3 g6 5.Bb2 Bg7 6.d4 O-O 7.Be2 a6 8.Nc3 b5 9.
O-O Nbd7 10.Ne5 Bb7 11.Bf3 Nxe5 12.dxe5 Nd7 13.cxd5 Nxe5 14.dxc6 Qxd1 15.
Bxd1 Bxc6 16.Be2 f5 17.Rfd1 Rfd8 18.Rac1 b4 19.Na4 Bb5 20.Bf1 Bxf1 21.Kxf1
Nd3 22.Rc2 Nxb2 23.Rxd8+ Rxd8 24.Nxb2 Kf7 25.Ke2 Bxb2 26.Rxb2 Rc8 27.Rd2 
Rc5 28.h4 Kf6 29.a3 bxa3 30.Ra2 a5 31.Rxa3 Rc2+ 32.Kf3 Rb2 33.Rxa5 Rxb3 
34.Ra6+ Kf7 35.Ra5 Rb4 36.g3 Rc4 37.Rb5 Ra4 38.Rc5 Rb4 39.Ra5 1/2-1/2

[Event "22nd EUR-ch (w)"]
[Site "Prague CZE"]
[Date "2022.08.20"]
[Round "1.13"]
[White "Bulmaga, Irina"]
[Black "Toncheva, Nadya"]
[Result "0-1"]
[WhiteElo "2403"]
[BlackElo "2164"]
[EventDate "2022.08.20"]
[PlyCount "206"]

1.e4 c5 2.Nf3 Nc6 3.d4 cxd4 4.Nxd4 e6 5.Nc3 Qc7 6.Qd3 Nxd4 7.Qxd4 a6 8.Be3
b5 9.f3 Bb7 10.a4 b4 11.Na2 Qd6 12.Qxd6 Bxd6 13.O-O-O Be7 14.Bd2 a5 15.Bb5
Nf6 16.Bf4 Rc8 17.Kb1 Bc6 18.Bxc6 Rxc6 19.g4 d6 20.Rd2 g5 21.Bg3 h5 22.
gxh5 Nxh5 23.Rg1 Nxg3 24.hxg3 Rc4 25.Re2 Bd8 26.Nc1 Rh3 27.Nb3 Bb6 28.Rgg2
Ke7 29.Re1 Rc8 30.Kc1 Rch8 31.Kd2 Rh1 32.Rxh1 Rxh1 33.Kd3 Kd7 34.Nd2 Kc6 
35.Nc4 Bc7 36.Ne3 Rh3 37.c3 bxc3 38.Kxc3 d5 39.exd5+ exd5 40.Nf5 Be5+ 41.
Kb3 Kd7 42.Re2 f6 43.Kc2 Bxg3 44.Re7+ Kd8 45.b4 Bd6 46.Rb7 Bxb4 47.Nd4 Ke8
48.Rb5 Kf7 49.Rxd5 Kg6 50.Kd3 g4 51.Ke4 gxf3 52.Nxf3 Rh1 53.Kf4 Kf7 54.Rb5
Ra1 55.Kf5 Rxa4 56.Nd4 Ke7 57.Nc6+ Kd6 58.Nxa5 Bxa5 59.Kxf6 Rf4+ 60.Rf5 
Bd8+ 61.Kg6 Rg4+ 62.Kf7 Be7 63.Rf1 Kd7 64.Rf5 Ra4 65.Rd5+ Bd6 66.Rf5 Ra8 
67.Rf6 Rf8+ 68.Kg6 Re8 69.Kf5 Kc6 70.Re6 Ra8 71.Re1 Rf8+ 72.Kg4 Kd5 73.Re3
Rf4+ 74.Kg5 Be5 75.Ra3 Rf7 76.Ra5+ Ke4 77.Ra4+ Bd4 78.Ra6 Rf1 79.Re6+ Be5 
80.Rg6 Rf5+ 81.Kg4 Bf6 82.Kg3 Rf3+ 83.Kg2 Be5 84.Ra6 Rg3+ 85.Kf2 Rg8 86.
Re6 Rb8 87.Re7 Rb2+ 88.Kg1 Kf4 89.Re8 Kg3 90.Kf1 Kf4 91.Rf8+ Ke3 92.Re8 
Rf2+ 93.Kg1 Rf5 94.Kg2 Rg5+ 95.Kf1 Kf3 96.Ke1 Bf4 97.Kf1 Rh5 98.Rg8 Rh2 
99.Kg1 Rc2 100.Kh1 Rc7 101.Rg6 Rh7+ 102.Kg1 Be3+ 103.Kf1 Rh1+ 0-1

[Event "22nd EUR-ch (w)"]
[Site "Prague CZE"]
[Date "2022.08.20"]
[Round "1.14"]
[White "Pavlidou, Ekaterini"]
[Black "Milliet, Sophie"]
[Result "1/2-1/2"]
[WhiteElo "2158"]
[BlackElo "2391"]
[EventDate "2022.08.20"]
[PlyCount "78"]

1.d4 Nf6 2.c4 e6 3.Nc3 Bb4 4.e3 O-O 5.Ne2 c6 6.a3 Ba5 7.c5 d5 8.cxd6 Qxd6 
9.b4 Bc7 10.g3 e5 11.Bg2 Re8 12.O-O e4 13.Bb2 Bg4 14.h3 Bf5 15.Rc1 Nbd7 
16.d5 Ne5 17.dxc6 bxc6 18.Qxd6 Bxd6 19.Nd4 Bg6 20.Rfd1 Nd3 21.Rb1 c5 22.
Ncb5 cxd4 23.Nxd6 dxe3 24.fxe3 Red8 25.Nb7 Rd5 26.Bxf6 gxf6 27.Nc5 Re8 28.
g4 h5 29.Nxd3 Rxd3 30.Rxd3 exd3 31.Kf2 Rc8 32.Bf3 Rc2+ 33.Kg3 hxg4 34.hxg4
Rc3 35.a4 d2 36.Rd1 Rxe3 37.Rxd2 Rb3 38.Rd4 f5 39.Kf4 fxg4 1/2-1/2

[Event "22nd EUR-ch (w)"]
[Site "Prague CZE"]
[Date "2022.08.20"]
[Round "1.15"]
[White "Injac, Teodora"]
[Black "Levitan, Ronit"]
[Result "1-0"]
[WhiteElo "2389"]
[BlackElo "2158"]
[EventDate "2022.08.20"]
[PlyCount "91"]

1.d4 Nf6 2.c4 e6 3.Nf3 d5 4.g3 dxc4 5.Bg2 a6 6.O-O Nc6 7.Be3 Rb8 8.Qc1 Na5
9.Bd2 c5 10.Bf4 Ra8 11.Rd1 Qb6 12.Nc3 Bd7 13.d5 exd5 14.Rxd5 Be6 15.Ng5 
Be7 16.Nxe6 fxe6 17.Re5 O-O 18.Bh3 Bd6 19.Rxe6 Bxf4 20.Rxb6 Bxc1 21.Rxc1 
Rad8 22.Kf1 Kh8 23.Be6 Nd7 24.Rd6 Ne5 25.Rcd1 Nac6 26.f4 g6 27.Rxd8 Nxd8 
28.Rxd8 Rxd8 29.fxe5 Re8 30.Bxc4 b5 31.Bd5 Rxe5 32.e4 c4 33.a3 Kg7 34.Kg2 
Kf6 35.Kf3 h5 36.Ne2 Re8 37.Ke3 Ke5 38.Ng1 Rb8 39.Nf3+ Kd6 40.Kd4 Rf8 41.
e5+ Ke7 42.Nh4 Rc8 43.Nxg6+ Ke8 44.Nf4 h4 45.gxh4 Rc7 46.Ng6 1-0

[Event "22nd EUR-ch (w)"]
[Site "Prague CZE"]
[Date "2022.08.20"]
[Round "1.16"]
[White "Rodshtein, Tereza"]
[Black "Tsolakidou, Stavroula"]
[Result "0-1"]
[WhiteElo "2154"]
[BlackElo "2388"]
[EventDate "2022.08.20"]
[PlyCount "90"]

1.e4 c5 2.Nf3 d6 3.d4 cxd4 4.Nxd4 Nf6 5.Nc3 a6 6.Bg5 Nbd7 7.Qe2 g6 8.O-O-O
e5 9.Nb3 h6 10.Be3 b5 11.a3 Qc7 12.f3 Nb6 13.Na5 Be6 14.Qd2 Rc8 15.Kb1 
Nbd7 16.Nb3 h5 17.h4 Be7 18.Be2 Nb6 19.Na5 Nc4 20.Nxc4 bxc4 21.Nd5 Bxd5 
22.exd5 c3 23.Qxc3 Qxc3 24.bxc3 Rxc3 25.Bg5 Rxa3 26.Kb2 Ra5 27.c4 Nd7 28.
Bd2 Ra4 29.g3 O-O 30.Ra1 Rb8+ 31.Kc2 Nc5 32.Rxa4 Nxa4 33.Ra1 Nc5 34.Be3 
Rb6 35.Ra3 f5 36.Ra1 Kg7 37.Rg1 Bf6 38.g4 hxg4 39.fxg4 e4 40.gxf5 Rb2+ 41.
Kd1 Rb1+ 42.Kc2 Rxg1 43.Bxg1 gxf5 44.Bf2 f4 45.Bg4 Kg6 0-1

[Event "22nd EUR-ch (w)"]
[Site "Prague CZE"]
[Date "2022.08.20"]
[Round "1.17"]
[White "Daulyte-Cornette, Deimante"]
[Black "Utiatskaya, Irina"]
[Result "1-0"]
[WhiteElo "2384"]
[BlackElo "2154"]
[EventDate "2022.08.20"]
[PlyCount "25"]

1.e4 e5 2.Nf3 Nc6 3.Bb5 Nf6 4.O-O Nxe4 5.Re1 Nd6 6.a4 f6 7.d4 e4 8.Bf4 f5 
9.d5 Ne7 10.Bxd6 cxd6 11.Nd4 g6 12.Ne6 Qa5 13.Na3 1-0

[Event "22nd EUR-ch (w)"]
[Site "Prague CZE"]
[Date "2022.08.20"]
[Round "1.18"]
[White "Lach, Aleksandra"]
[Black "Melia, Salome"]
[Result "1/2-1/2"]
[WhiteElo "2152"]
[BlackElo "2384"]
[EventDate "2022.08.20"]
[PlyCount "131"]

1.e4 c5 2.Nc3 Nc6 3.Bb5 Nd4 4.Nf3 e6 5.O-O a6 6.Bd3 Nc6 7.b3 d6 8.Bb2 Nf6 
9.Re1 Qc7 10.a4 Be7 11.Bf1 O-O 12.d4 cxd4 13.Nxd4 Bd7 14.Nde2 Rfd8 15.g3 
Ne5 16.Bg2 Rac8 17.Nd4 Nc6 18.Nde2 Nb4 19.Nf4 e5 20.Nd3 Nxd3 21.Qxd3 b5 
22.Re2 b4 23.Nd1 a5 24.Ne3 Be6 25.f4 exf4 26.gxf4 d5 27.e5 d4 28.Nf5 Nd5 
29.Nxe7+ Qxe7 30.Rf2 Ne3 31.Be4 g6 32.Re1 Bf5 33.Bxf5 Nxf5 34.e6 fxe6 35.
Re5 Rd5 36.Rfe2 Rxe5 37.Rxe5 Qc7 38.Bxd4 Qxc2 39.Qxc2 Rxc2 40.Bb6 Rb2 41.
Rxe6 Rxb3 42.Bxa5 Ra3 43.Bxb4 Rxa4 44.Rb6 Ne3 45.Bc5 Nd5 46.Rb8+ Kf7 47.
Rb7+ Ke6 48.Rxh7 Nxf4 49.Be3 Nd5 50.Bf2 Ra2 51.Kg2 Kf5 52.Rf7+ Kg4 53.h3+ 
Kg5 54.Rf3 Nf4+ 55.Kg3 Ne2+ 56.Kg2 Nd4 57.Rg3+ Kf5 58.Rd3 Ne6 59.Rf3+ Nf4+
60.Kg3 g5 61.h4 gxh4+ 62.Kxh4 Ra6 63.Be3 Rh6+ 64.Kg3 Rh3+ 65.Kf2 Rxf3+ 66.
Kxf3 1/2-1/2

[Event "22nd EUR-ch (w)"]
[Site "Prague CZE"]
[Date "2022.08.20"]
[Round "1.19"]
[White "Kiolbasa, Oliwia"]
[Black "Ibrahimova, Sabina"]
[Result "1/2-1/2"]
[WhiteElo "2383"]
[BlackElo "2146"]
[EventDate "2022.08.20"]
[PlyCount "58"]

1.e4 c6 2.d4 d5 3.e5 c5 4.dxc5 Nc6 5.Nf3 Bg4 6.c3 e6 7.Be3 g6 8.Bb5 Qc7 9.
Nbd2 Ne7 10.Qa4 Bxf3 11.Nxf3 Bg7 12.Bg5 Bxe5 13.O-O Bg7 14.Bxe7 Kxe7 15.
Rfe1 Rhc8 16.Qh4+ Bf6 17.Qh6 Ne5 18.Nxe5 Bxe5 19.Qg5+ Bf6 20.Qxd5 Qxc5 21.
Qxb7+ Kf8 22.a4 Rab8 23.Qf3 Kg7 24.Rad1 Rd8 25.Qf4 Qb6 26.Rb1 Rd6 27.a5 
Qd8 28.Qa4 Rd5 29.Bc4 Rxa5 1/2-1/2

[Event "22nd EUR-ch (w)"]
[Site "Prague CZE"]
[Date "2022.08.20"]
[Round "1.20"]
[White "Kazarian, Anna-Maja"]
[Black "Mammadova, Gulnar"]
[Result "1/2-1/2"]
[WhiteElo "2139"]
[BlackElo "2380"]
[EventDate "2022.08.20"]
[PlyCount "80"]

1.Nf3 Nf6 2.c4 e6 3.d4 d5 4.g3 c6 5.Qc2 dxc4 6.Qxc4 b5 7.Qc2 Bb7 8.Bg2 
Nbd7 9.Nc3 Rc8 10.O-O b4 11.Ne4 c5 12.Nxf6+ Nxf6 13.Rd1 Be4 14.Qa4+ Qd7 
15.Qxd7+ Nxd7 16.dxc5 Bxc5 17.Bf4 f6 18.Rac1 Ke7 19.Ne1 Bxg2 20.Kxg2 a5 
21.Nd3 Bd4 22.Nxb4 axb4 23.Rxd4 e5 24.Re4 Ke6 25.Be3 Rxc1 26.Bxc1 Rc8 27.
Be3 Rb8 28.Bd2 Ra8 29.Rxb4 Rxa2 30.e4 h5 31.h3 g6 32.Be3 f5 33.exf5+ gxf5 
34.Rb7 e4 35.g4 hxg4 36.hxg4 fxg4 37.Kg3 Ne5 38.Kf4 Rxb2 39.Rxb2 Nd3+ 40.
Kxe4 Nxb2 1/2-1/2

[Event "22nd EUR-ch (w)"]
[Site "Prague CZE"]
[Date "2022.08.20"]
[Round "1.21"]
[White "Sargsian, Anna M."]
[Black "Dolzhykova, Kateryna"]
[Result "1/2-1/2"]
[WhiteElo "2378"]
[BlackElo "2139"]
[EventDate "2022.08.20"]
[PlyCount "83"]

1.d4 Nf6 2.c4 g6 3.g3 Bg7 4.Bg2 d6 5.Nc3 O-O 6.Nf3 Nc6 7.O-O e5 8.dxe5 
dxe5 9.Bg5 h6 10.Qxd8 Rxd8 11.Bxf6 Bxf6 12.Nd5 Kg7 13.Nxc7 Rb8 14.e4 Be7 
15.Rad1 Bg4 16.Rxd8 Rxd8 17.Nd5 Bc5 18.Rb1 a5 19.Ne1 Be2 20.Bf1 Bg4 21.Kg2
b6 22.Nd3 Bd4 23.f3 Be6 24.Be2 f5 25.b3 Rd7 26.a3 Rf7 27.h4 h5 28.Rc1 Kh6 
29.Rc2 g5 30.hxg5+ Kxg5 31.f4+ Kh6 32.fxe5 fxe4 33.N3f4 Bxd5 34.cxd5 Nxe5 
35.Bxh5 Rf5 36.Be2 Be3 37.d6 Bxf4 38.gxf4 Rxf4 39.Bb5 e3 40.d7 Rd4 41.Re2 
Nxd7 42.Bxd7 1/2-1/2

[Event "22nd EUR-ch (w)"]
[Site "Prague CZE"]
[Date "2022.08.20"]
[Round "1.22"]
[White "Nilssen, Ellen Fredericia"]
[Black "Antolak, Julia"]
[Result "1/2-1/2"]
[WhiteElo "2139"]
[BlackElo "2378"]
[EventDate "2022.08.20"]
[PlyCount "114"]

1.d4 c5 2.d5 g6 3.e4 Bg7 4.Nc3 d6 5.Nf3 Nf6 6.Bb5+ Bd7 7.a4 Na6 8.O-O O-O 
9.h3 Bxb5 10.axb5 Nc7 11.Be3 Qd7 12.Qd3 Rfc8 13.Nd2 e6 14.dxe6 Nxe6 15.Nc4
Nd4 16.Bxd4 cxd4 17.Qxd4 Ne8 18.e5 Qe6 19.Ne3 Bxe5 20.Qd3 Nf6 21.Ra3 d5 
22.Nexd5 Nxd5 23.Qxd5 Qxd5 24.Nxd5 Rxc2 25.b4 a6 26.bxa6 Rxa6 27.Rxa6 bxa6
28.Re1 Bd4 29.Re8+ Kg7 30.Ne3 Rb2 31.Ra8 Ra2 32.g3 Bc3 33.Nd5 Be1 34.b5 
Bxf2+ 35.Kf1 a5 36.g4 Bd4 37.b6 Rf2+ 38.Ke1 Rb2 39.Rxa5 Bxb6 40.Nxb6 Rxb6 
41.Kf2 Rb3 42.Kg2 h6 43.Rc5 Re3 44.Ra5 Kf6 45.Rb5 Re5 46.Rb3 h5 47.Kg3 
hxg4 48.hxg4 Kg5 49.Ra3 Rb5 50.Rc3 Rb4 51.Rc5+ f5 52.gxf5 Rb3+ 53.Kf2 gxf5
54.Rc4 f4 55.Rc8 Kg4 56.Rg8+ Kf5 57.Rf8+ Ke5 1/2-1/2

[Event "22nd EUR-ch (w)"]
[Site "Prague CZE"]
[Date "2022.08.20"]
[Round "1.23"]
[White "Vega Gutierrez, Sabrina"]
[Black "Spanko, Nadia"]
[Result "1/2-1/2"]
[WhiteElo "2366"]
[BlackElo "2136"]
[EventDate "2022.08.20"]
[PlyCount "82"]

1.e4 c6 2.d4 d5 3.exd5 cxd5 4.Bd3 Nc6 5.c3 Nf6 6.Bf4 Bg4 7.Qb3 Qd7 8.Nd2 
a6 9.h3 Bh5 10.Ngf3 Bg6 11.Bxg6 hxg6 12.Ne5 Qc8 13.Ndf3 e6 14.O-O Be7 15.
Nxc6 bxc6 16.Ne5 Nd7 17.c4 g5 18.Bg3 Nxe5 19.Bxe5 O-O 20.cxd5 cxd5 21.Rac1
Qd8 22.Rc6 Bf6 23.Qa4 Bxe5 24.dxe5 Qb8 25.Qd4 Rc8 26.Rfc1 Qb7 27.Rxc8+ 
Rxc8 28.Rxc8+ Qxc8 29.Qd2 Qb8 30.Qc3 Qd8 31.b4 d4 32.Qd3 Qd5 33.Kf1 a5 34.
bxa5 Qxa5 35.Qxd4 Qxa2 36.Qd8+ Kh7 37.Qxg5 Qb1+ 38.Ke2 Qe4+ 39.Kd2 Qd4+ 
40.Ke1 Qe4+ 41.Kf1 Qb1+ 1/2-1/2

[Event "22nd EUR-ch (w)"]
[Site "Prague CZE"]
[Date "2022.08.20"]
[Round "1.24"]
[White "Pipiras, Filipa Fortuna"]
[Black "Mkrtchian, Lilit"]
[Result "0-1"]
[WhiteElo "2135"]
[BlackElo "2362"]
[EventDate "2022.08.20"]
[PlyCount "96"]

1.d4 e6 2.c4 b6 3.Nc3 Bb7 4.e4 Bb4 5.Qc2 Qh4 6.Bd3 Bxc3+ 7.bxc3 f5 8.g3 
Qh5 9.f3 fxe4 10.fxe4 d6 11.Ne2 e5 12.O-O Nd7 13.Kg2 Ngf6 14.h3 Qg6 15.Kh2
Bxe4 16.Bxe4 Qxe4 17.Qxe4 Nxe4 18.Be3 Rf8 19.Kg2 O-O-O 20.g4 Rde8 21.Rf3 
exd4 22.cxd4 Nd2 23.Rxf8 Nxf8 24.Kf2 Nxc4 25.Bf4 Ne6 26.Bc1 d5 27.Rb1 c5 
28.Rb3 Nxd4 29.Nxd4 cxd4 30.Rd3 Re4 31.Rf3 Kd7 32.Rf7+ Re7 33.Rf5 Kc6 34.
Bg5 Re5 35.Rxe5 Nxe5 36.Ke2 d3+ 37.Kd1 Nf3 38.Be7 Kb5 39.h4 Ne5 40.g5 g6 
41.Bd6 Nf3 42.Bg3 Kb4 43.Bd6+ Kc3 44.Be7 Nxh4 45.Bf6+ d4 46.Be7 Nf5 47.Bf6
Ne3+ 48.Ke1 d2+ 0-1

[Event "22nd EUR-ch (w)"]
[Site "Prague CZE"]
[Date "2022.08.20"]
[Round "1.25"]
[White "Malcewska, Aleksandra"]
[Black "Dwilewicz, Katarzyna"]
[Result "1-0"]
[WhiteElo "2360"]
[BlackElo "2131"]
[EventDate "2022.08.20"]
[PlyCount "147"]

1.e4 c5 2.Nf3 e6 3.d4 cxd4 4.Nxd4 Nc6 5.Nc3 Qc7 6.Be3 a6 7.Nb3 Nf6 8.Bd3 
Be7 9.f4 d6 10.Qf3 Nb4 11.a3 Nxd3+ 12.cxd3 O-O 13.Rc1 Qd7 14.O-O b5 15.e5 
Bb7 16.exf6 Bxf3 17.fxe7 Qxe7 18.Rxf3 Rac8 19.f5 exf5 20.Nd4 g6 21.Re1 f6 
22.h4 Rfe8 23.h5 Qb7 24.Kf2 Kf7 25.Rh1 Rg8 26.Rg3 Rg7 27.Nce2 b4 28.a4 Qd7
29.hxg6+ hxg6 30.Nf4 Qxa4 31.Nfe6 Rc2+ 32.Kf3 Qa2 33.Nd8+ Ke8 34.Nxc2 Kxd8
35.Rgh3 g5 36.Rh8+ Kd7 37.Nxb4 Qxb2 38.Rb8 Re7 39.Rb7+ Ke6 40.Bd4 g4+ 41.
Kg3 f4+ 42.Kh2 Qd2 43.Bc3 Qf2 44.Re1+ Kf5 45.Rbxe7 f3 46.R7e2 fxe2 47.Nc2 
Kg5 48.Nd4 Kh4 49.Nxe2 f5 50.Bf6+ Kh5 51.Ng3+ Kg6 52.Rf1 Qe3 53.Rxf5 Qxd3 
54.Ba1 d5 55.Rf6+ Kg5 56.Rf7 d4 57.Rf5+ Kg6 58.Rf4 Kg5 59.Rf5+ Kg6 60.Rd5 
Kf7 61.Bxd4 Ke6 62.Re5+ Kd6 63.Nf5+ Kd7 64.Re7+ Kc6 65.Re5 Kd7 66.Rd5+ Ke6
67.Ne3 a5 68.Re5+ Kf7 69.Nf5 a4 70.Nh6+ Kg6 71.Re6+ Kh5 72.Be3 Qd5 73.Nf5 
g3+ 74.Kxg3 1-0

[Event "22nd EUR-ch (w)"]
[Site "Prague CZE"]
[Date "2022.08.20"]
[Round "1.26"]
[White "Huda, Maryana"]
[Black "Unuk, Laura"]
[Result "1/2-1/2"]
[WhiteElo "2128"]
[BlackElo "2350"]
[EventDate "2022.08.20"]
[PlyCount "104"]

1.e4 c6 2.d3 d5 3.Nf3 Bg4 4.h3 Bxf3 5.Qxf3 e6 6.g3 Bc5 7.Bg2 Ne7 8.O-O Nd7
9.Qe2 O-O 10.Kh2 dxe4 11.dxe4 e5 12.Nd2 Qc7 13.a4 Rad8 14.a5 Nc8 15.c3 b5 
16.axb6 axb6 17.b4 Be7 18.Nc4 b5 19.Na5 Ndb6 20.Be3 Na4 21.Rfc1 Rd7 22.Bf1
Nd6 23.Qc2 Nb6 24.h4 h6 25.Bh3 Rdd8 26.Bc5 Rfe8 27.Rd1 Na4 28.Be3 c5 29.
bxc5 Nxc5 30.Bxc5 Qxc5 31.Rd5 Qc7 32.Nb3 Nc4 33.Rad1 Rxd5 34.Rxd5 Rd8 35.
Qd3 Qb6 36.Rxd8+ Bxd8 37.Kg1 Qb8 38.Qd7 Bb6 39.Kg2 Nd6 40.Qc6 Ba7 41.Bd7 
Qb6 42.Qxb6 Bxb6 43.Bc6 Kf8 44.h5 Ke7 45.f4 f6 46.Kf3 Ke6 47.f5+ Ke7 48.
Ke2 Kd8 49.Kd3 Kc7 50.Bd5 Kd7 51.Na1 Bf2 52.g4 Kc7 1/2-1/2